Về tính ổn định của các phương trình hàm cơ bản

Tính ổn định của các phương trình hàm chuyển tiếp các phép tính số học; Tính ổn định của các phương trình hàm chuyển tiếp các đại lượng trung bình cơ bản; Tính ổn định của các phương trình hàm dạng D' alembert...

Sparad:
Bibliografiska uppgifter
Huvudupphovsman: Lê Thị Bích Trâm
Övriga upphovsmän: Nguyễn Văn Mậu PGS.TSKH (Hướng dẫn)
Materialtyp: Bok
Publicerad: Đà Nẵng Đại học Đà Nẵng 2012
Ämnen:
Taggar: Lägg till en tagg
Inga taggar, Lägg till första taggen!
Thư viện lưu trữ: Mạng thư viện Đại học Đà Nẵng
LEADER 01643nam a2200313 4500
001 000017903
003 14329
005 20130828150824.0
008 130618s2012 sd
082 |a 512.73  |b LÊ-T 
100 |a Lê Thị Bích Trâm 
245 |a Về tính ổn định của các phương trình hàm cơ bản  |c Lê Thị Bích Trâm ; Nguyễn Văn Mậu hướng dẫn.  |k Luận văn Thạc sĩ 
260 |a Đà Nẵng  |b Đại học Đà Nẵng  |c 2012 
300 |a 68 tr., phụ lục 3 tr.  |c 29 cm.  |e CD + tóm tắt 
500 |a Luận văn thạc sĩ Khoa học. Chuyên ngành : Phương pháp Toán sơ cấp. Mã số: 60.46.40. 
520 |a Tính ổn định của các phương trình hàm chuyển tiếp các phép tính số học; Tính ổn định của các phương trình hàm chuyển tiếp các đại lượng trung bình cơ bản; Tính ổn định của các phương trình hàm dạng D' alembert... 
650 0 4 |a Phương trình hàm cơ bản  |v Luận văn tốt nghiệp 
653 |a Phương trình hàm cơ bản  |a Phương pháp toán sơ cấp. 
700 |a Nguyễn Văn Mậu  |c PGS.TSKH  |e Hướng dẫn 
OWN |a LSP 
AVA |a UDN50  |b LSP  |d 512.73 LÊ-T  |e available  |t Error 5001 Not defined in file expand_doc_bib_avail.  |f 1  |g 0  |h N  |i 0  |k 1 
999 |a From the UDN01 
AVA |a UDN50  |b LSP  |d 512.73 LÊ-T  |e available  |t Error 5001 Not defined in file expand_doc_bib_avail.  |f 1  |g 0  |h N  |i 0  |k 1 
TYP |a Monograph 
TYP |a Printed language 
980 |a Mạng thư viện Đại học Đà Nẵng